Dieu et l'homme d'aujourd'hui

Salvato in:
Dettagli Bibliografici
Autore principale: Balthasar, Hans Urs von (Autore)
Natura: Libro
Lingua:francese
Pubblicazione: Brujas Desclée de Brouwer 1958
Edizione:1a. ed
Serie:Présence Chrétienne
Soggetti:
Tags: Aggiungi Tag
Nessun Tag, puoi essere il primo ad aggiungerne!!

MARC

LEADER 00000cam a2200000 a 4500
001 UCE6852
003 CL-VaPUC
008 150507e19580000be |||||||||||||||||fre|d
082 0 4 |a 211  |b BAL  |2 21 
100 0 |a Balthasar, Hans Urs von  |e author  |9 579471 
245 1 0 |a Dieu et l'homme d'aujourd'hui 
250 |a 1a. ed 
300 |a 312 p 
942 |c BK 
945 |d 20150507 00:22:00  |a arojas 
260 |a Brujas  |b Desclée de Brouwer  |c 1958 
650 0 |a Teoría del conocimiento   |9 255038 
650 0 |a Teología   |9 258766 
650 0 |a Antropología   |9 233030 
650 0 |a Religión   |9 255164 
650 0 |a Cristianismo  |9 257361 
650 0 |a Perdición  |9 397979 
650 0 |a Sacramentos   |9 257270 
583 |a last modification  |c 20150507 00:22:00  |k Rodrigo Vera 
490 0 |a Présence Chrétienne 
999 |c 359032  |d 359030 
952 |0 0  |1 0  |3 erb  |4 0  |6 211_000000000000000_BAL_1958  |7 0  |8 A  |9 468020  |a BIBTEO  |b BIBTEO  |e Casale Rolle, Carlos Ignacio, -2014  |i 5173086  |o 211 BAL 1958  |p 5173086  |r 2025-01-17  |w 2019-11-23  |y BK  |z Catalogado en:20150507  |k ICR